000 00496nam a22001697a 4500
005 20250108135421.0
008 250108b |||||||| |||| 00| 0 eng d
020 _a1593459602
050 _aHV8073
_b.0833 OST
100 _aOSTERBURG, JAMES W.
245 _aCRIMINAL INVESTIGATION;
_bA METHOD FOR RECOINSTRUCTING THE PAST
260 _aLEXIS
_bMATHEW BENDER AND COMPANY INC.
_c2004
300 _axiv,817p.;
_bill.;
500 _aincludes index
700 _aWARD, RICHARD H.
942 _2lcc
_cBK
_n0
999 _c2472
_d2472